000 00725nam a22002175i 4500
001 155522
003 ES-MaACL
005 20230906210118.0
008 040721q18861904xxk |||| | eng d
040 _aCAM
_bspa
_cCAM
100 1 _aHolmes, Oliver Wendell.
_964060
245 1 4 _aThe poet at the breakfast-table /
_cby Oliver Wendell Holmes.
260 _aLondon :
_bThe Walter Scott publishing Co.,
_c[s.a.]
300 _a320, [16] p. ;
_c17 cm.
490 1 _aThe Scott library
596 _aEl editor ejerce ca. 1886-1904.
752 _aGran BretaƱa -
_cLondres
830 0 _aThe Scott library
_9187947
852 _aES-MaACL
_jG-2007
_z-- Enc. hol. con puntas, hierros y cantos dorados
999 _c155522
_d155522